[Event "48th Rilton Cup 2018"]
[Site "Stockholm"]
[Date "2019.01.05"]
[Round "9"]
[White "Mikalsen, Erlend"]
[Black "Moroni, Luca Jr"]
[Result "0-1"]
[WhiteElo "2357"]
[BlackElo "2564"]
[Annotator "TA"]
[PlyCount "128"]
[EventDate "2018.12.27"]
[EventType "swiss"]
[EventCountry "SWE"]
[SourceTitle "playchess.com"]
[Source "ChessBase"]
[SourceQuality "1"]

{[%evp 15,128,-14,-4,-15,-7,0,-3,-13,6,-18,-12,-16,22,4,0,14,6,0,0,0,0,0,0,0,0,-94,-99,-103,-94,-95,-58,-50,-43,-62,-43,-70,-49,-59,-47,-53,-16,-54,-54,-31,-22,-56,0,0,0,0,0,0,0,0,-4,-87,-77,-95,-95,-105,-94,-76,-90,-95,-95,-202,-191,-183,-152,-185,-184,-220,-207,-172,-177,-305,-212,-181,-163,-297,-296,-454,-496,-911,-906,-911,-911,-823,-827,-936,-936,-929,-929,-929,-929,-883,-787,-956,-944,-29980,-29982,-29982,-29983,-29983,-29984,-29984,-29985,-29985,-29986,-29986,-29987,-29988,-29989,-29989,-29989]} 1. e4 e5 2. Nc3 Nc6 3. Bc4 Nf6 4. d3 Bc5 5. f4 d6 6. Nf3 a6 7. f5 b5 {C30: King's Gambit Declined} (7... h6 8. a3 b5 9. Ba2 Bb7 10. Qe2 Nd4 11. Nxd4 Bxd4 12. Nd1 d5 13. exd5 O-O 14. c3 Bb6 15. Be3 Nxd5 16. Bxd5 Qxd5 17. Bxb6 cxb6 {1-0 (59) Danin,A (2523)-Kopylov,M (2419) Leer 2018}) 8. Bb3 Na5 {LiveBook: 7 Games} 9. Qe2 Nxb3 {The position is equal.} 10. axb3 Bb7 11. Bg5 Qd7 $146 ({Predecessor:} 11... h6 12. Bh4 Qe7 13. Nd5 Bxd5 14. exd5 Bb6 15. Rf1 {½-½ (26) Das,A (2419)-Akash Pc,I (2304) Ahmedabad 2017}) 12. Be3 (12. O-O-O {keeps more tension.} O-O-O 13. h3 Kb8 14. Rhf1 h6 15. Bh4) 12... Bxe3 13. Qxe3 Qe7 14. O-O O-O 15. h3 Rfe8 16. g4 d5 17. g5 Nh5 {[%cal Bf6h5,Bh5g3,Bg3f1][%mdl 32] Threatens to win with ...d4.} 18. Nxd5 Bxd5 19. exd5 Ng3 {[%mdl 64] Double Attack} 20. Nd2 (20. Rfe1 $11 {keeps the balance.}) 20... Nxf1 $17 21. Rxf1 Qd6 22. c4 bxc4 23. bxc4 Reb8 24. b3 a5 25. Re1 a4 26. bxa4 Rb2 27. Ne4 Qb4 28. Nf2 f6 $1 29. gxf6 gxf6 30. Ne4 Kf7 ({Better is} 30... Rf8 $15) 31. Nxf6 $11 Qd2 32. Qxd2 Rxd2 {[%mdl 4096] Endgame KRR-KRN} 33. Ng4 Rxa4 34. Nxe5+ Kf6 35. Ng4+ (35. c5 $11 {remains equal.}) 35... Kxf5 $17 36. Nf2 Raa2 {[%mdl 1024] Black has strong compensation.} 37. Re8 h5 38. Rf8+ Ke5 39. h4 Kd4 40. Rf3 (40. Rf6 $17) 40... Ra8 41. Kf1 Rc2 42. Kg2 Rg8+ 43. Kh3 {[#]} Rc1 $1 44. Kh2 Rf1 45. Kh3 (45. Rf5 $142) 45... Rg7 46. Kh2 Rg6 47. Kh3 (47. Rf5 $142) 47... Rgg1 $19 48. Kh2 {[#]} (48. Rg3 {is a better defense.}) 48... Rh1+ $1 {[%mdl 576] Pin} 49. Kg3 (49. Nxh1 $142 Rxf3 50. Ng3) 49... Rfg1+ 50. Kf4 Rxh4+ 51. Kf5 {[#]} Rf1 $1 52. Kg5 {[#]} Rg4+ $1 {[%mdl 576] Pin} 53. Kf5 (53. Nxg4 Rxf3) 53... Rgg1 54. Ke6 Rg2 55. Rf4+ Ke3 {[%mdl 64] Double Attack} 56. Rf7 Rgxf2 57. Rxc7 Rf6+ {Black mates.} 58. Kd7 Rf7+ 59. Kc6 Rxc7+ 60. Kxc7 h4 {[%cal Bh5h4,Bh4h3][%mdl 32]} 61. d6 h3 62. d7 Rf8 63. d8=Q Rxd8 64. Kxd8 Kd4 {Accuracy: White = 42%, Black = 79%.} 0-1